000 00420pab a2200169 454500
008 180718b1998 xxu||||| |||| 00| 0 eng d
100 _aNaswa, Sumedha
245 _aEffects of modern agriculture on human environment
260 _c1998
300 _ap.31-33
362 _aNov
650 _aAgriculture - India
650 _aEnvironment - India
650 _aAgriculture
773 _aKurukshetra
909 _a39585
999 _c39585
_d39585